Faroe Islands A-Z - Statistics

General Stats
  • This quiz has been taken 115 times
    96 since last reset
  • The average score is 16 of 29
Answer Stats
# Clue Answer % Correct
D The Faroe Islands are an autonomous part of this Country Denmark
88%
T Capital Tórshavn
86%
K Currency Faroese {króna}
80%
N Before the Kalmar Union the Faroe Islands were part of this country Norway
80%
A 1948 the Faroe Islands were granted Home Rule at the first day of this month April
76%
I Monks from this country settled the Faroe Islands in the 6th and 7th Century Ireland
76%
Q Letter that is not contained in the faroese language Q
76%
V Groups of Merchants and Warriors that settled the Faroe Islands Vikings
73%
E Second largest Island Eysturoy
70%
C The scandinavian King Olav Tryggvason from #N and the faroese Prince Sigmundur Brestisson (re)introduced this religion in the Faroe Islands about the year 1000 Christianity
67%
S Animal on the faroese Coat of Arms Veðrur Sheep
65%
W The Islands are known to be cool, cloudy and _____ windy
62%
M Westernmost Island Mykines
61%
Ð One of three islands whose names contains this letter Name any of the three Contains a Ð Borðoy | Viðoy | Suðuroy
56%
Ø Danish name of the Faroe Islands Føroyar Contains an Ø Færøerne
56%
U International Football Association the Faroe Islands are part of UEFA
56%
X Borough of New York that is named after the reputed faroese settler Jonas Bronck
Ends on X
Bronx
53%
G Traditional form of Whale-Hunt Faroese name Grindadráp
52%
F Native people Faroese name Føroyingar
50%
Y MainlandContains and ends on an Y Streymoy
50%
L Parliament Løgting
48%
Æ Highest Mountain Contains an Æ Slættaratindur
45%
H According to the Færeyinga saga a large group of norwegian Immigrants arrived during the rule of this King {Harald} Fairhair
33%
Z Famous Chessplayer from the Faroe Islands Helgi Ziska
33%
P First female Prime Minister of the Faroe Islands 1993-1994 Marita Petersen
29%
J Faroese linguist who contributed largely to the faroese language and literature and is known for his role in the historical preservation of the closely related language Norn He was the first Faroese Islander to earn a doctoral degree Jákup {Jakobsen}
26%
O Oldest church Directly next to the ruined Magnus-Cathedral Ólavskirkjan
24%
R Happened in the Faroe Islands 1538-1540 Reformation
21%
B Famous monk/ saint from #I who is believed by some to have discovered the Faroe Islands around 560 Brendan
18%
No matching quizzes found
Score Distribution
Percent of People with Each Score
Percentile by Number Answered
Your Score History
You have not taken this quiz since the last reset